| 000 | 01168cam a2200325 a 4500 | ||
|---|---|---|---|
| 001 | 4713418 | ||
| 003 | OSt | ||
| 005 | 20211020160427.0 | ||
| 008 | 830121s1984 nyua b 001 0 eng | ||
| 010 | _a 83001172 | ||
| 020 | _a9788126508389 | ||
| 038 | _aKhadija | ||
| 040 |
_aDLC _cDLC _dDLC |
||
| 050 | 0 | 0 |
_aTK1001 _b.W64 2011 |
| 082 | 0 | 0 |
_a621.31 _219 _bWOO |
| 100 | 1 |
_aWood, Allen J. _983298 |
|
| 245 | 1 | 0 |
_aPower generation, operation, and control / _cAllen J. Wood, Bruce F. Wollenberg. |
| 250 | _a2nd | ||
| 260 |
_aNew York : _bWiley, _cc1984. |
||
| 300 |
_axiv, 444 p. : _bill. ; _c24 cm. |
||
| 504 | _aIncludes bibliographical references and index. | ||
| 563 | _aPB | ||
| 650 | 0 |
_aElectric power systems. _918375 |
|
| 700 | 1 |
_aWollenberg, Bruce F. _983299 |
|
| 856 | 4 | 2 |
_3Contributor biographical information _uhttp://www.loc.gov/catdir/enhancements/fy0607/83001172-b.html |
| 856 | 4 | 2 |
_3Publisher description _uhttp://www.loc.gov/catdir/enhancements/fy0607/83001172-d.html |
| 856 | 4 | 1 |
_3Table of contents only _uhttp://www.loc.gov/catdir/enhancements/fy0607/83001172-t.html |
| 906 |
_a7 _bcbc _corignew _d1 _eocip _f19 _gy-gencatlg |
||
| 942 |
_2ddc _cBK |
||
| 999 |
_c32748 _d32748 |
||